Leadership selection in six Western democracies (Record no. 365)

MARC details
000 -LEADER
fixed length control field 00462nam a2200169Ia 4500
008 - FIXED-LENGTH DATA ELEMENTS--GENERAL INFORMATION
fixed length control field 240428s9999||||xx |||||||||||||| ||und||
020 ## - INTERNATIONAL STANDARD BOOK NUMBER
International Standard Book Number 1579581110
041 ## - LANGUAGE CODE
Language code of text/sound track or separate title eng
082 ## - DEWEY DECIMAL CLASSIFICATION NUMBER
Classification number 327.5 D
100 ## - MAIN ENTRY--PERSONAL NAME
Personal name Davis, James W.
245 #0 - TITLE STATEMENT
Title Leadership selection in six Western democracies
260 ## - PUBLICATION, DISTRIBUTION, ETC.
Name of publisher, distributor, etc. Fritzroy Dearborn Pub.
Place of publication, distribution, etc. Chicago
Date of publication, distribution, etc. 1998
300 ## - PHYSICAL DESCRIPTION
Extent xi,217p. : ill.
650 ## - SUBJECT ADDED ENTRY--TOPICAL TERM
Topical term or geographic name entry element Comparative government. - Nominations for office.
942 ## - ADDED ENTRY ELEMENTS (KOHA)
Koha item type Books
Holdings
Withdrawn status Lost status Damaged status Not for loan Home library Current library Shelving location Date acquired Total checkouts Full call number Date last seen Copy number Price effective from Koha item type
        Main Library Main Library Open Shelves 05/10/2021   327.5 D 518 C. 1 29/04/2024 1 29/04/2024 Books
©2026  Parliament of Ghana Library - All rights reserved